| Tag |
First Indicator |
Second Indicator |
Subfields |
| LEADER |
00000cam a2200000 4500 |
| 001 |
in00000037931 |
| 005 |
20151007080723.0 |
| 008 |
740613s1958 eng u |
| 010 |
|
|
|a 58005887
|
| 035 |
|
|
|a (OCoLC)00917441
|
| 035 |
|
|
|9 AAF5268AM
|
| 040 |
|
|
|c PGP
|d TXA
|d UtOrBLW
|
| 049 |
|
|
|a TXAM
|c [297304]
|
| 050 |
|
0 |
|a BX1407.I5
|b O3
|
| 092 |
|
|
|a 282.73
|b O23a
|
| 100 |
1 |
|
|a O'Dea, Thomas F.
|
| 245 |
1 |
0 |
|a American Catholic dilemma :
|b an inquiry into the intellectual life /
|c Introd. by Gustave Weigel.
|
| 264 |
|
1 |
|a New York :
|b Sheed and Ward,
|c [1958]
|
| 300 |
|
|
|a 173 pages ;
|c 22 cm.
|
| 336 |
|
|
|a text
|b txt
|2 rdacontent
|
| 337 |
|
|
|a unmediated
|b n
|2 rdamedia
|
| 338 |
|
|
|a volume
|b nc
|2 rdacarrier
|
| 504 |
|
|
|a Includes bibliography.
|
| 650 |
2 |
0 |
|a Catholics
|z United States.
|
| 651 |
|
0 |
|a United States
|x Intellectual life.
|
| 999 |
|
|
|a MARS
|
| 999 |
f |
f |
|s d493b043-8928-37ed-9ccb-e04f94f92bda
|i 9c1ce132-a370-33e7-b878-079cb340f12b
|t 0
|
| 952 |
f |
f |
|p ric
|a Texas A&M University
|b Rellis Campus
|c Joint Library Facility
|d Remote Storage
|t 0
|e BX1407.I5 O3
|h Library of Congress classification
|i unmediated -- volume
|m A14800623457
|
| 998 |
f |
f |
|a BX1407.I5 O3
|t 0
|l Remote Storage
|